000 00658nab a2200193 4500
001 244442
003 OSt
005 20241008112559.0
007 tu
008 200917s2020|||||||
040 _aDE-2950
_cDE-2950
245 0 0 _aDer ewige Pfadfinder
_bNachruf. Vom Bilderstürmer zum polnisch-deutschen Versöhner, vom Kommunisten zum Pluralisten -n Zbigniew Czarnuch (1930 - 2024) war mehr als ein Heimatkundler für Polen und Brandenburg/
_cNancy Waldmann
264 _c2024
653 _aWitnica
653 _aZbigniew Czarnuch
653 _aNachruf
773 0 _g35. Jahrgang (2024) Nr. 230 vom 01.10.2024, S. 10
_tMärkische Oderzeitung
942 _2z
_cA
999 _c373389
_d373389